[Event "DEM U12/U12w 2010"]
[Site "Oberhof GER"]
[Date "2010.05.23"]
[Round "1"]
[White "Blösch, Christoph"]
[Black "Engert, Marvin"]
[Result "1/2-1/2"]
[Termination "normal"]
[Board "24"]
[WhiteElo "1332"]
[BlackElo "1612"]
[PlyCount "104"]
[WhiteFideId "12918121"]
[BlackFideId "12901164"]
[EventCountry "GER"]
[EventRounds "11"]
[EventType "swiss"]
[EventDate "2010.05.22"]

1. e4 d5 2. exd5 Nf6 3. Nc3 Nxd5 4. Nxd5 Qxd5 5. Nf3 Bg4 6. Be2 Nc6 7. c3 e5 8.
Qb3 Qxb3 9. axb3 Be7 10. Ra4 Be6 11. Bc4 Bxc4 12. bxc4 O-O 13. O-O Bf6 14. b4
e4 15. b5 exf3 16. bxc6 fxg2 17. Kxg2 b6 18. Re1 a5 19. d4 Rfe8 20. Re3 h6 21.
Rxe8+ Rxe8 22. Bf4 Re7 23. Kf1 Bg5 24. Bxg5 hxg5 25. c5 bxc5 26. Rxa5 cxd4 27.
cxd4 Re6 28. d5 Rd6 29. Ke2 Kf8 30. Ke3 Ke7 31. Kd4 Rf6 32. Kc5 Rxf2 33. d6+
cxd6+ 34. Kb6 Rb2+ 35. Kc7 g4 36. Ra4 f5 37. Kc8 Rxh2 38. Ra7+ Kf6 39. c7 Rc2
40. Kd7 g3 41. Ra1 f4 42. Rd1 f3 43. Rxd6+ Kf7 44. Rc6 Rd2+ 45. Rd6 Rxd6+ 46.
Kxd6 f2 47. c8=Q f1=Q 48. Qe6+ Kf8 49. Qc8+ Kf7 50. Qe6+ Kf8 51. Qc8+ Kf7 52.
Qe6+ Kf8 1/2-1/2

[Event "DEM U12/U12w 2010"]
[Site "Oberhof GER"]
[Date "2010.05.23"]
[Round "1"]
[White "Kollars, Dmitrij"]
[Black "von Reppert, Marc"]
[Result "1-0"]
[Termination "normal"]
[Board "25"]
[WhiteElo "1611"]
[BlackElo "1321"]
[PlyCount "37"]
[WhiteFideId "12909572"]
[BlackFideId "12918130"]
[EventCountry "GER"]
[EventRounds "11"]
[EventType "swiss"]
[EventDate "2010.05.22"]

1. e4 e6 2. d4 d5 3. Nc3 Nf6 4. e5 Nfd7 5. f4 Bb4 6. a3 Ba5 7. b4 Bb6 8. Nf3 a5
9. b5 c5 10. bxc6 bxc6 11. Bd3 Ba6 12. O-O O-O 13. Be3 c5 14. Bxh7+ Kxh7 15.
Ng5+ Kg6 16. Qg4 f5 17. exf6 Nxf6 18. f5+ Kh6 19. Nxe6+ 1-0

[Event "DEM U12/U12w 2010"]
[Site "Oberhof GER"]
[Date "2010.05.23"]
[Round "1"]
[White "Lemke, Berfîn"]
[Black "Berkes, Alexander"]
[Result "0-1"]
[Termination "normal"]
[Board "26"]
[WhiteElo "1318"]
[BlackElo "1610"]
[PlyCount "58"]
[WhiteFideId "1270578"]
[BlackFideId "12901636"]
[EventCountry "GER"]
[EventRounds "11"]
[EventType "swiss"]
[EventDate "2010.05.22"]

1. e4 e5 2. Nf3 d6 3. d4 exd4 4. Nxd4 Nf6 5. Nc3 Be7 6. Bc4 a6 7. a3 O-O 8. O-O
b5 9. Bd3 Bb7 10. Qf3 Nbd7 11. Nd5 Nxd5 12. exd5 Ne5 13. Qe4 Nxd3 14. Qxd3 Bxd5
15. Qg3 Bf6 16. Be3 Re8 17. Rfe1 Qd7 18. c3 Re4 19. f4 Rae8 20. Rad1 c5 21. Nf3
Bb3 22. Bd2 Bxd1 23. Rxd1 Qe7 24. Re1 Rxe1+ 25. Bxe1 Qe3+ 26. Kh1 Qe2 27. Qf2
Qxf2 28. Bxf2 Re2 29. Be1 Rxb2 0-1

[Event "DEM U12/U12w 2010"]
[Site "Oberhof GER"]
[Date "2010.05.23"]
[Round "1"]
[White "Bilchinski, Anton"]
[Black "Wanner, Lukas"]
[Result "1/2-1/2"]
[Termination "normal"]
[Board "27"]
[WhiteElo "1727"]
[BlackElo "1309"]
[PlyCount "59"]
[WhiteFideId "24615765"]
[BlackFideId "12918148"]
[EventCountry "GER"]
[EventRounds "11"]
[EventType "swiss"]
[EventDate "2010.05.22"]

1. d4 d5 2. c4 c6 3. cxd5 cxd5 4. Nc3 Nc6 5. Nf3 Bf5 6. e3 e6 7. a3 Nf6 8. Bd3
Bxd3 9. Qxd3 a6 10. O-O Bd6 11. Rb1 O-O 12. b4 b5 13. e4 dxe4 14. Nxe4 Nxe4 15.
Qxe4 Rc8 16. Ng5 g6 17. Qh4 h5 18. g4 Kg7 19. gxh5 Rh8 20. h6+ Kf8 21. Bb2 Be7
22. f4 Bf6 23. d5 Bxb2 24. Rxb2 Qxd5 25. Rbf2 Ne7 26. h7 Nf5 27. Qh3 Kg7 28.
Re1 Rc4 29. Rf3 Qd2 30. Ref1 1/2-1/2

[Event "DEM U12/U12w 2010"]
[Site "Oberhof GER"]
[Date "2010.05.23"]
[Round "1"]
[White "Böhm, Jana"]
[Black "Paulsen, Alexej"]
[Result "1/2-1/2"]
[Termination "normal"]
[Board "28"]
[WhiteElo "1298"]
[BlackElo "1549"]
[PlyCount "60"]
[WhiteFideId "24661589"]
[BlackFideId "24662372"]
[EventCountry "GER"]
[EventRounds "11"]
[EventType "swiss"]
[EventDate "2010.05.22"]

1. e4 c5 2. Nf3 Nc6 3. d4 cxd4 4. Nxd4 Nf6 5. Nc3 d6 6. Be2 e6 7. O-O Be7 8.
Be3 O-O 9. Qd2 a6 10. Rfd1 Qc7 11. Nxc6 bxc6 12. Bf3 Bb7 13. Na4 c5 14. Nc3
Rfd8 15. Bf4 e5 16. Bg5 Bc6 17. Bxf6 Bxf6 18. Nd5 Bxd5 19. Qxd5 Rab8 20. Rab1
Qb7 21. Qxb7 Rxb7 22. Be2 Rb6 23. Bc4 Be7 24. Rd3 Rdb8 25. b3 Rb4 26. Bd5 Rd4
27. Rbd1 Kf8 28. c3 Rxd3 29. Rxd3 Bf6 30. Rf3 Ke7 1/2-1/2

[Event "DEM U12/U12w 2010"]
[Site "Oberhof GER"]
[Date "2010.05.23"]
[Round "1"]
[White "Röhlich, Philipp"]
[Black "Gaßmann, Linda"]
[Result "1-0"]
[Termination "normal"]
[Board "29"]
[WhiteElo "1690"]
[BlackElo "1862"]
[PlyCount "101"]
[WhiteFideId "24692832"]
[BlackFideId "12900451"]
[EventCountry "GER"]
[EventRounds "11"]
[EventType "swiss"]
[EventDate "2010.05.22"]

1. e4 e5 2. Nf3 Nf6 3. Nxe5 d6 4. Nf3 Nxe4 5. Nc3 Nxc3 6. dxc3 Nc6 7. Bd3 Be6
8. Be3 Be7 9. Qd2 Qd7 10. a3 Rd8 11. h3 Ne5 12. Nd4 Nxd3+ 13. Qxd3 a6 14. O-O-O
f6 15. g4 c5 16. Nxe6 Qxe6 17. Kb1 b5 18. Rde1 Qd7 19. Qd5 a5 20. g5 Kf8 21.
Rd1 Rc8 22. f4 f5 23. h4 b4 24. cxb4 axb4 25. a4 Rc6 26. h5 Rg8 27. Rhg1 Rc7
28. b3 g6 29. hxg6 hxg6 30. Rh1 Qc6 31. Qc4 Qe4 32. Qb5 Qb7 33. Qe2 d5 34. Rh7
c4 35. Bd4 Bd6 36. Rxc7 Qxc7 37. Qe6 Bxf4 38. Qf6+ Ke8 39. Re1+ Kd7 40. Re7+
Kc8 41. Rxc7+ Kxc7 42. Qf7+ Kc6 43. Qxg8 cxb3 44. Qxg6+ Kb7 45. Qf7+ Kc6 46.
Qe6+ Kb7 47. Qd7+ Kb8 48. Bb6 bxc2+ 49. Kxc2 d4 50. Bxd4 Bxg5 51. Qxf5 1-0

[Event "DEM U12/U12w 2010"]
[Site "Oberhof GER"]
[Date "2010.05.23"]
[Round "1"]
[White "Pfreundt, Jakob"]
[Black "Birnkraut, Tim"]
[Result "1-0"]
[Termination "normal"]
[Board "30"]
[WhiteElo "1297"]
[BlackElo "1686"]
[PlyCount "89"]
[WhiteFideId "12918156"]
[BlackFideId "24609587"]
[EventCountry "GER"]
[EventRounds "11"]
[EventType "swiss"]
[EventDate "2010.05.22"]

1. d4 d5 2. c4 e6 3. Nc3 c6 4. Nf3 dxc4 5. e4 b5 6. a4 Bb4 7. Be2 Bb7 8. O-O a6
9. Qc2 Be7 10. e5 Nd7 11. Bd2 Nb6 12. Rfd1 h5 13. Qe4 Qc7 14. a5 Nd5 15. Qc2
Nxc3 16. Bxc3 Nh6 17. b3 b4 18. Bd2 c3 19. Bf4 Nf5 20. Bc4 Rd8 21. Bg5 Bxg5 22.
Nxg5 Nxd4 23. Qd3 Qc8 24. f4 c5 25. f5 Nxf5 26. Qxd8+ Qxd8 27. Rxd8+ Kxd8 28.
Nxf7+ Ke7 29. Nxh8 Ne3 30. Bf1 Nc2 31. Rc1 Nd4 32. Bc4 Nc6 33. Ng6+ Kf7 34. Nf4
Nxe5 35. Nxe6 Nxc4 36. Nd8+ Ke7 37. Nxb7 Nd2 38. Nxc5 Kd6 39. Nd3 Nxb3 40. Rb1
Kd5 41. Rxb3 Kc4 42. Nc1 Kb5 43. Na2 Kxa5 44. Rxb4 c2 45. Rc4 1-0

[Event "DEM U12/U12w 2010"]
[Site "Oberhof GER"]
[Date "2010.05.23"]
[Round "1"]
[White "Sabirov, Ramil"]
[Black "Niggl, Michael"]
[Result "1-0"]
[Termination "normal"]
[Board "31"]
[WhiteElo "1584"]
[BlackElo "1275"]
[PlyCount "73"]
[WhiteFideId "12900303"]
[BlackFideId "12918164"]
[EventCountry "GER"]
[EventRounds "11"]
[EventType "swiss"]
[EventDate "2010.05.22"]

1. e4 c5 2. Nf3 a6 3. d3 g6 4. g3 Bg7 5. Bg2 Nc6 6. O-O e6 7. a4 Nge7 8. c3 d6
9. Na3 b5 10. Bf4 Rb8 11. axb5 axb5 12. d4 cxd4 13. cxd4 Qc7 14. Rc1 O-O 15.
Qd2 Qd7 16. Rfd1 Rd8 17. Nc2 Bb7 18. Qe2 Ba8 19. Bh3 Rb6 20. d5 Bxb2 21. dxc6
Qxc6 22. Ncd4 Qxe4 23. Qxb2 e5 24. Re1 Qd5 25. Bxe5 dxe5 26. Rxe5 Qb7 27. Bg2
b4 28. Nh4 Qd7 29. Bxa8 Rxa8 30. Rce1 Re8 31. Nhf3 Qb7 32. Qb3 Qd7 33. Qe3 Rb7
34. Qh6 f6 35. Re6 b3 36. Rxf6 Qg4 37. Ne6 1-0

[Event "DEM U12/U12w 2010"]
[Site "Oberhof GER"]
[Date "2010.05.23"]
[Round "1"]
[White "Kluge, Leyla"]
[Black "Kasel, Ronaldo"]
[Result "0-1"]
[Termination "normal"]
[Board "32"]
[WhiteElo "1199"]
[BlackElo "1575"]
[PlyCount "63"]
[WhiteFideId "12918172"]
[BlackFideId "24660949"]
[EventCountry "GER"]
[EventRounds "11"]
[EventType "swiss"]
[EventDate "2010.05.22"]

1. c4 e5 2. g3 Nc6 3. Bg2 f5 4. e3 Nf6 5. Ne2 Nb4 6. d3 a5 7. a3 Nc6 8. Nbc3
Be7 9. O-O O-O 10. f4 d6 11. Rb1 Be6 12. b3 d5 13. cxd5 Nxd5 14. Nxd5 Bxd5 15.
e4 fxe4 16. dxe4 Bc5+ 17. Kh1 Bf7 18. Qxd8 Raxd8 19. fxe5 Nxe5 20. Bf4 Bd6 21.
Bxe5 Bxe5 22. Rf5 Rfe8 23. Rf3 Bg6 24. Re3 Bd6 25. b4 axb4 26. axb4 c5 27. bxc5
Bxc5 28. Rc3 Rxe4 29. Nf4 Rxf4 30. Rbc1 Bb4 31. Rc8 Rff8 32. R8c4 0-1

[Event "DEM U12/U12w 2010"]
[Site "Oberhof GER"]
[Date "2010.05.23"]
[Round "1"]
[White "Scholz, Robert"]
[Black "Weis, Olga"]
[Result "1/2-1/2"]
[Termination "normal"]
[Board "33"]
[WhiteElo "1599"]
[BlackElo "1153"]
[PlyCount "97"]
[WhiteFideId "1270301"]
[BlackFideId "1270234"]
[EventCountry "GER"]
[EventRounds "11"]
[EventType "swiss"]
[EventDate "2010.05.22"]

1. e4 c6 2. d4 d5 3. Nc3 dxe4 4. Nxe4 Bf5 5. Ng3 Bg6 6. h4 h6 7. h5 Bh7 8. Nf3
Nf6 9. Bd3 Bxd3 10. Qxd3 e6 11. c3 Bd6 12. Ne4 Nxe4 13. Qxe4 Nd7 14. Bd2 Nf6
15. Qe2 Qb6 16. O-O-O O-O-O 17. c4 Qa6 18. Kb1 c5 19. Ne5 Rhf8 20. dxc5 Bxc5
21. Bf4 Nd5 22. Bg3 Nb4 23. a3 Nd5 24. Rhe1 Nb6 25. Rxd8+ Kxd8 26. Rd1+ Kc8 27.
Nxf7 Nxc4 28. Qd3 Nxa3+ 29. bxa3 Qxd3+ 30. Rxd3 Rxf7 31. f3 Rf5 32. Rc3 b6 33.
Bd6 Kd7 34. g4 Rd5 35. Bxc5 Rxc5 36. Rd3+ Rd5 37. Rc3 Rb5+ 38. Ka2 Kd6 39. Rd3+
Rd5 40. Rc3 Rd2+ 41. Kb3 e5 42. Kc4 Rd5 43. Kb4 Rc5 44. Rd3+ Kc6 45. Rd8 a5+
46. Kb3 Rd5 47. Rc8+ Kb7 48. Rc3 Rd6 49. Re3 1/2-1/2

[Event "DEM U12/U12w 2010"]
[Site "Oberhof GER"]
[Date "2010.05.23"]
[Round "1"]
[White "Schumann, Rabea"]
[Black "Essler, Oskar"]
[Result "0-1"]
[Termination "normal"]
[Board "34"]
[WhiteElo "1140"]
[BlackElo "1568"]
[PlyCount "40"]
[WhiteFideId "12918199"]
[BlackFideId "12918024"]
[EventCountry "GER"]
[EventRounds "11"]
[EventType "swiss"]
[EventDate "2010.05.22"]

1. e4 e6 2. d4 d5 3. e5 c5 4. c3 Nc6 5. Nf3 Qb6 6. Be2 cxd4 7. cxd4 Bb4+ 8. Nc3
Nge7 9. O-O Nf5 10. Be3 O-O 11. Qd2 Bd7 12. a3 Bxc3 13. Qxc3 Rac8 14. Qd2 Na5
15. Bd1 Nc4 16. Qe2 Bb5 17. Qe1 Ncxe3 18. fxe3 Bxf1 19. Kxf1 Qxb2 20. Be2 Nxe3+
0-1

[Event "DEM U12/U12w 2010"]
[Site "Oberhof GER"]
[Date "2010.05.23"]
[Round "1"]
[White "Damm, Nils"]
[Black "Kast, Larissa"]
[Result "1-0"]
[Termination "normal"]
[Board "35"]
[WhiteElo "1639"]
[BlackElo "1136"]
[PlyCount "63"]
[WhiteFideId "24693065"]
[BlackFideId "24699055"]
[EventCountry "GER"]
[EventRounds "11"]
[EventType "swiss"]
[EventDate "2010.05.22"]

1. c4 e5 2. g3 Nf6 3. Bg2 Bc5 4. e3 Nc6 5. Nc3 b6 6. a3 a5 7. Nge2 Bb7 8. O-O
O-O 9. d4 exd4 10. exd4 Be7 11. d5 Ne5 12. d6 Bxg2 13. dxe7 Qxe7 14. Kxg2 Nxc4
15. Qd4 Nd6 16. Bg5 h6 17. Bxf6 Qxf6 18. Qxf6 gxf6 19. Nd5 Ne8 20. Rac1 Ra7 21.
Rc2 Rb7 22. Nef4 c6 23. Ne7+ Kh7 24. Re1 Ng7 25. g4 Re8 26. Rce2 b5 27. Ned5
Rxe2 28. Nxf6+ Kh8 29. Rxe2 a4 30. Re7 b4 31. Rxf7 bxa3 32. Ng6# 1-0

[Event "DEM U12/U12w 2010"]
[Site "Oberhof GER"]
[Date "2010.05.23"]
[Round "1"]
[White "Alsheimer, Lea"]
[Black "Peters, Tom"]
[Result "0-1"]
[Termination "normal"]
[Board "36"]
[WhiteElo "1127"]
[BlackElo "1551"]
[PlyCount "90"]
[WhiteFideId "12918180"]
[BlackFideId "24694444"]
[EventCountry "GER"]
[EventRounds "11"]
[EventType "swiss"]
[EventDate "2010.05.22"]

1. f4 Nc6 2. b3 d5 3. Bb2 Bf5 4. Nf3 e6 5. e3 Bd6 6. Bxg7 f6 7. Bxh8 Qe7 8. Bb5
O-O-O 9. Bxc6 bxc6 10. Nd4 Qd7 11. Nxf5 exf5 12. Qe2 Re8 13. Qa6+ Kb8 14. O-O
d4 15. Qc4 dxe3 16. dxe3 Qe7 17. Re1 Nh6 18. Bxf6 Qxf6 19. Nc3 Ng4 20. e4 Bxf4
21. exf5 Be3+ 22. Rxe3 Nxe3 23. Qb4+ Ka8 24. Re1 Qxf5 25. Na4 Qxc2 26. Rxe3
Qc1+ 27. Qe1 Qxe1+ 28. Rxe1 Rxe1+ 29. Kf2 Rc1 30. Kg3 Kb8 31. h4 Kc8 32. Kg4
Kd7 33. Kg5 Ke7 34. g4 Kf7 35. Kh6 Kg8 36. g5 c5 37. h5 c4 38. Nc5 c3 39. g6
hxg6 40. Nd3 gxh5 41. Nxc1 h4 42. Ne2 h3 43. Nxc3 h2 44. Kg5 h1=Q 45. a4 Qc1+
0-1

[Event "DEM U12/U12w 2010"]
[Site "Oberhof GER"]
[Date "2010.05.23"]
[Round "1"]
[White "Srokovskiy, Andrea"]
[Black "Buchberger, Tamara"]
[Result "1-0"]
[Termination "normal"]
[Board "37"]
[WhiteElo "1726"]
[BlackElo "1088"]
[PlyCount "97"]
[WhiteFideId "4624947"]
[EventCountry "GER"]
[EventRounds "11"]
[EventType "swiss"]
[EventDate "2010.05.22"]

1. d4 d5 2. Nf3 Nc6 3. e3 Nf6 4. Bd3 Bg4 5. b3 e6 6. Bb2 Be7 7. Nbd2 O-O 8. a3
a6 9. O-O Bd6 10. h3 Bh5 11. c4 b6 12. Rc1 Ne7 13. c5 Bg6 14. Bxg6 fxg6 15.
cxd6 Qxd6 16. Ne5 Rac8 17. Ndf3 Ne4 18. Nd2 Nf6 19. Qe2 a5 20. Rc2 c6 21. Rfc1
c5 22. Ndf3 Ne4 23. Re1 Nf5 24. Kh2 cxd4 25. exd4 Rxc2 26. Qxc2 Ne7 27. Rc1 g5
28. Qc7 Qxc7 29. Rxc7 Nf5 30. Rc2 Rd8 31. Bc1 h6 32. a4 Kf8 33. Ba3+ Kg8 34. g4
Nh4 35. Nxh4 gxh4 36. Be7 Re8 37. Bxh4 g5 38. Bg3 Rf8 39. Kg2 Rd8 40. Rc6 Rd6
41. Rxd6 Nxd6 42. f3 Nc8 43. Nd7 Kf7 44. Bc7 Ke8 45. Nxb6 Nxb6 46. Bxb6 Kd7 47.
Bxa5 Kc8 48. h4 gxh4 49. Kh3 1-0

[Event "DEM U12/U12w 2010"]
[Site "Oberhof GER"]
[Date "2010.05.23"]
[Round "1"]
[White "Sherif, Amina"]
[Black "Klöckner, Connor"]
[Result "0-1"]
[Termination "normal"]
[Board "38"]
[WhiteElo "1081"]
[BlackElo "1543"]
[PlyCount "102"]
[WhiteFideId "12911690"]
[EventCountry "GER"]
[EventRounds "11"]
[EventType "swiss"]
[EventDate "2010.05.22"]

1. e4 c5 2. Nc3 Nc6 3. f4 e6 4. Nf3 Nge7 5. Bc4 g6 6. O-O Bg7 7. d3 O-O 8. Qe1
Re8 9. Bd2 d5 10. Bb3 Bd7 11. Qh4 Qb6 12. Qf2 Nd4 13. Kh1 Nxb3 14. axb3 a6 15.
Ra2 Rad8 16. Ne2 Nc6 17. b4 Nxb4 18. Bxb4 Qxb4 19. e5 Rc8 20. Rb1 d4 21. Raa1
Qb6 22. c3 dxc3 23. bxc3 Qc7 24. Ng3 f5 25. Rc1 Red8 26. h4 Be8 27. Ng5 Qe7 28.
Qa2 Rxd3 29. Kh2 c4 30. Rab1 Bb5 31. h5 h6 32. Nh3 Qh4 33. Qf2 Rcd8 34. Rb2 g5
35. fxg5 hxg5 36. Kg1 Qxg3 37. Qxg3 Rxg3 38. Kf2 f4 39. Ke1 Bxe5 40. Re2 Bxc3+
41. Rxc3 Rxc3 42. Rxe6 Rc1+ 43. Kf2 Rd2+ 44. Kf3 Bc6+ 45. Kg4 Bd7 46. Nxg5
Bxe6+ 47. Nxe6 Rg1 48. Nxf4 Rgxg2+ 49. Kf5 c3 50. Ng6 Rxg6 51. hxg6 c2 0-1

[Event "DEM U12/U12w 2010"]
[Site "Oberhof GER"]
[Date "2010.05.23"]
[Round "1"]
[White "Kaplun, David"]
[Black "Böhme, Mathis"]
[Result "1/2-1/2"]
[Termination "normal"]
[Board "39"]
[WhiteElo "1787"]
[BlackElo "1080"]
[PlyCount "63"]
[WhiteFideId "12901954"]
[BlackFideId "12900443"]
[EventCountry "GER"]
[EventRounds "11"]
[EventType "swiss"]
[EventDate "2010.05.22"]

1. d4 Nf6 2. c4 e5 3. dxe5 Ne4 4. a3 Nc6 5. Nf3 d6 6. exd6 Bxd6 7. Nbd2 Nc5 8.
b4 Ne6 9. Bb2 Qe7 10. c5 Bf4 11. e3 Bh6 12. Be2 a5 13. Ne5 Ned8 14. Bb5 O-O 15.
Nxc6 Nxc6 16. Bxc6 bxc6 17. Qf3 Bd7 18. O-O Rfd8 19. Nc4 axb4 20. axb4 Rab8 21.
Bc3 Be6 22. Ne5 Bd7 23. Nxc6 Bxc6 24. Qxc6 Rd3 25. Rfc1 Rf8 26. h3 Bxe3 27. Rc2
Bxf2+ 28. Rxf2 Rxc3 29. Raa2 Rc1+ 30. Kh2 Qe5+ 31. g3 Qe1 32. Qg2 1/2-1/2

[Event "DEM U12/U12w 2010"]
[Site "Oberhof GER"]
[Date "2010.05.23"]
[Round "1"]
[White "Azizowa, Laura"]
[Black "Schnepper, Pauline"]
[Result "0-1"]
[Termination "normal"]
[Board "40"]
[WhiteElo "1078"]
[BlackElo "1536"]
[PlyCount "92"]
[BlackFideId "12918040"]
[EventCountry "GER"]
[EventRounds "11"]
[EventType "swiss"]
[EventDate "2010.05.22"]

1. e4 c6 2. d4 d5 3. exd5 cxd5 4. Nc3 Nc6 5. Nf3 Bg4 6. Be2 Nf6 7. h3 Bxf3 8.
Bxf3 e6 9. O-O Be7 10. Bf4 O-O 11. Re1 Qb6 12. Be5 Qxb2 13. Qd2 Qb6 14. Rab1
Qd8 15. Rxb7 Bd6 16. Nb5 Bxe5 17. dxe5 Nd7 18. Qc3 Rc8 19. Nd6 Rc7 20. Qb2 Rxb7
21. Nxb7 Qc7 22. Nd6 Ncxe5 23. Rxe5 Qxd6 24. Rg5 f6 25. Rg3 Ne5 26. Qb7 Nxf3+
27. gxf3 g6 28. Qxa7 e5 29. h4 Rf7 30. Qa8+ Kg7 31. a4 Qc5 32. a5 Ra7 33. Qe8
Qxa5 34. h5 Qa4 35. Rxg6+ hxg6 36. Qxg6+ Kh8 37. Qxf6+ Rg7+ 38. Kf1 Qc4+ 39.
Ke1 Qb4+ 40. Kd1 Qe7 41. Qh6+ Rh7 42. Qa6 Rxh5 43. Qa8+ Kg7 44. Qxd5 Rh4 45. c3
Rh6 46. c4 Rd6 0-1

[Event "DEM U12/U12w 2010"]
[Site "Oberhof GER"]
[Date "2010.05.23"]
[Round "1"]
[White "Brandl, Lea"]
[Black "Schmid, Katharina"]
[Result "1-0"]
[Termination "normal"]
[Board "41"]
[WhiteElo "1529"]
[BlackElo "1056"]
[PlyCount "59"]
[WhiteFideId "24693049"]
[BlackFideId "12918210"]
[EventCountry "GER"]
[EventRounds "11"]
[EventType "swiss"]
[EventDate "2010.05.22"]

1. d4 d5 2. c4 Nf6 3. cxd5 e6 4. dxe6 Bxe6 5. Bg5 Be7 6. Nf3 h6 7. Bh4 g5 8.
Bg3 Nc6 9. e3 Qd7 10. Nc3 O-O-O 11. Bb5 a6 12. Ne5 Qe8 13. Nxc6 axb5 14. Nxd8
b4 15. Nxe6 fxe6 16. Ne2 Rg8 17. Qc2 c6 18. Qa4 Kd7 19. Qa5 Nd5 20. e4 Bd8 21.
Qa8 b3 22. Qxb7+ Bc7 23. exd5 Ke7 24. Qxc7+ Kf6 25. Qe5+ Kg6 26. dxe6 Rf8 27.
Qe4+ Kg7 28. Be5+ Kg8 29. axb3 Qxe6 30. Ra7 1-0

[Event "DEM U12/U12w 2010"]
[Site "Oberhof GER"]
[Date "2010.05.23"]
[Round "1"]
[White "Holle, Niklas"]
[Black "Angrick, Philipp"]
[Result "0-1"]
[Termination "normal"]
[Board "42"]
[WhiteElo "1024"]
[BlackElo "1528"]
[PlyCount "70"]
[BlackFideId "12912298"]
[EventCountry "GER"]
[EventRounds "11"]
[EventType "swiss"]
[EventDate "2010.05.22"]

1. e4 e5 2. Nf3 Nc6 3. d4 exd4 4. Nxd4 Qh4 5. Nc3 Bb4 6. Nxc6 Qxe4+ 7. Qe2
Qxe2+ 8. Bxe2 dxc6 9. Bd2 Nf6 10. O-O O-O 11. Rfe1 Be6 12. Rad1 Rad8 13. a3 Be7
14. Bc4 Bg4 15. Rc1 Bxa3 16. bxa3 Rxd2 17. Re3 Rd4 18. Bb3 Re8 19. Rxe8+ Nxe8
20. Re1 Nf6 21. f3 Be6 22. Ne2 Rd8 23. Nf4 Bxb3 24. cxb3 Nd5 25. Nd3 f6 26. Nc5
b6 27. Ne4 Re8 28. Rc1 Re6 29. Nc3 Nf4 30. Rd1 Re3 31. Ne4 Rxb3 32. Rd8+ Kf7
33. Rd7+ Kg6 34. Rxc7 Nd3 35. Rxa7 Rb1# 0-1

[Event "DEM U12/U12w 2010"]
[Site "Oberhof GER"]
[Date "2010.05.23"]
[Round "1"]
[White "Schwarz, Larissa"]
[Black "Sadjjadi, Anahita"]
[Result "1-0"]
[Termination "normal"]
[Board "43"]
[WhiteElo "1526"]
[BlackElo "1016"]
[PlyCount "81"]
[WhiteFideId "24699004"]
[EventCountry "GER"]
[EventRounds "11"]
[EventType "swiss"]
[EventDate "2010.05.22"]

1. e4 c6 2. d4 d5 3. Nc3 dxe4 4. Nxe4 Bf5 5. Ng3 Bg6 6. h4 h6 7. Nf3 Nf6 8. Be3
e6 9. Qd2 Nbd7 10. O-O-O Be7 11. Bd3 Bxd3 12. Qxd3 O-O 13. Rd2 Qc7 14. Re2 Rad8
15. Ne4 Nh7 16. Qb3 b5 17. g4 a5 18. a3 a4 19. Qa2 c5 20. g5 h5 21. g6 fxg6 22.
Qxe6+ Rf7 23. Nfg5 Nxg5 24. Bxg5 Re8 25. Qxg6 cxd4 26. Nf6+ Nxf6 27. Bxf6 Kf8
28. Bxe7+ Rexe7 29. Rxe7 Rxe7 30. Qxh5 d3 31. Qf5+ Rf7 32. Qxd3 Qf4+ 33. Kb1
Qc7 34. Qxb5 Rxf2 35. Qxa4 Rf4 36. Qa8+ Kf7 37. Qd5+ Kf8 38. Qd2 Rg4 39. Rf1+
Kg8 40. Qd5+ Kh7 41. Qh5+ 1-0

[Event "DEM U12/U12w 2010"]
[Site "Oberhof GER"]
[Date "2010.05.23"]
[Round "1"]
[White "Lamottke, Svenja"]
[Black "Schmekel, Florian"]
[Result "0-1"]
[Termination "normal"]
[Board "44"]
[WhiteElo "963"]
[BlackElo "1523"]
[PlyCount "58"]
[WhiteFideId "12918229"]
[BlackFideId "12913456"]
[EventCountry "GER"]
[EventRounds "11"]
[EventType "swiss"]
[EventDate "2010.05.22"]

1. e4 c5 2. Nf3 Nc6 3. d4 cxd4 4. Nxd4 g6 5. Nc3 Bg7 6. Be3 Nf6 7. Bc4 O-O 8.
Bb3 d6 9. f3 Bd7 10. Qd2 a6 11. O-O-O b5 12. h4 b4 13. Nd5 a5 14. Bc4 Ne5 15.
Bb5 Bxb5 16. Nxb5 Nc4 17. Qd4 Nxd5 18. Qxc4 Nxe3 19. Qe2 Nxd1 20. Rxd1 Qb6 21.
h5 Rfc8 22. Kb1 Rab8 23. Rd5 Rc5 24. a4 bxa3 25. bxa3 Rxb5+ 26. Rxb5 Qg1+ 27.
Qd1 Rxb5+ 28. Ka2 Rb2+ 29. Ka1 Qxd1# 0-1

[Event "DEM U12/U12w 2010"]
[Site "Oberhof GER"]
[Date "2010.05.23"]
[Round "1"]
[White "Silber, Stefanie"]
[Black "Greif, Gavin"]
[Result "0-1"]
[Termination "normal"]
[Board "46"]
[WhiteElo "847"]
[BlackElo "1678"]
[PlyCount "44"]
[WhiteFideId "12918245"]
[BlackFideId "24662429"]
[EventCountry "GER"]
[EventRounds "11"]
[EventType "swiss"]
[EventDate "2010.05.22"]

1. e4 e5 2. Nf3 Nc6 3. d4 exd4 4. Nxd4 Nf6 5. Nxc6 bxc6 6. Nd2 Bc5 7. b3 d5 8.
Bd3 Bd4 9. Rb1 O-O 10. O-O Re8 11. Re1 Ng4 12. Rf1 Qh4 13. Nf3 Nxf2 14. Nxh4
Nxd1+ 15. Kh1 Nf2+ 16. Kg1 Nxd3+ 17. Kh1 Nf2+ 18. Kg1 Nxe4+ 19. Kh1 Nf2+ 20.
Kg1 Ba6 21. Rd1 Nxd1+ 22. Kh1 Re1# 0-1

[Event "DEM U12/U12w 2010"]
[Site "Oberhof GER"]
[Date "2010.05.23"]
[Round "1"]
[White "Bykov, Ilya"]
[Black "Niemeyer, Maximilian"]
[Result "1-0"]
[Termination "normal"]
[Board "47"]
[WhiteElo "1477"]
[BlackElo "793"]
[PlyCount "101"]
[WhiteFideId "12918059"]
[EventCountry "GER"]
[EventRounds "11"]
[EventType "swiss"]
[EventDate "2010.05.22"]

1. e4 e5 2. Nf3 Nc6 3. Bc4 Bc5 4. c3 Nf6 5. d3 d5 6. exd5 Nxd5 7. O-O O-O 8.
Re1 Nf6 9. Bg5 Qd6 10. Nbd2 h6 11. Bh4 Ng4 12. Bg3 Qf6 13. h3 h5 14. Ne4 Qe7
15. hxg4 Bxg4 16. Qe2 Rae8 17. Nxc5 Qxc5 18. Qe4 Bxf3 19. Qxf3 b5 20. Bb3 Qd6
21. Qxh5 Qf6 22. Qf3 Qh6 23. Bd5 Ne7 24. Rxe5 Nxd5 25. Qxd5 g6 26. Qxb5 Rxe5
27. Qxe5 f6 28. Qe6+ Kg7 29. Bxc7 Rh8 30. Qh3 Qd2 31. Qd7+ Kg8 32. Qe6+ Kg7 33.
Re1 Rf8 34. Bd6 Rf7 35. Qe2 Qg5 36. Qe3 Qd5 37. Qd4 Qf5 38. Re7 Rxe7 39. Bxe7
Qe6 40. Qxf6+ Qxf6 41. Bxf6+ Kxf6 42. g3 Ke5 43. Kg2 g5 44. Kf3 Kf5 45. a4 g4+
46. Ke3 Ke5 47. b4 Kd5 48. c4+ Kd6 49. d4 Kc6 50. Kf4 Kd6 51. Kxg4 1-0